|
|
|
|
| LEADER |
01082cam a2200265 i 4500 |
| 001 |
75298 |
| 003 |
GR-PaULI |
| 005 |
20231026063228.0 |
| 008 |
190910r19681896ne g 001 0 grc d |
| 952 |
|
|
|0 0
|1 0
|2 ddc
|4 0
|6 880_110000000000000_LEE
|7 0
|9 234948
|a THST
|b THST
|d 2019-09-11
|i 002266
|l 0
|o 880.11 LEE
|p 025000264334
|r 2019-09-11 00:00:00
|t 1
|v 2019.00
|w 2019-09-11
|y BK15
|
| 999 |
|
|
|c 142404
|d 142404
|
| 040 |
|
|
|a AK
|b gre
|c GR-PaULI
|e AACR2
|
| 041 |
0 |
|
|a grc
|a eng
|
| 082 |
0 |
4 |
|2 23
|a 880.11
|
| 100 |
0 |
|
|a Αριστοφάνης
|d π. 450-π. 385
|e συγγραφέας
|9 3575
|
| 245 |
1 |
0 |
|a Aristophanis Ranae /
|c cum prolegomenis et commentariis ed. J. van Leeuwen.
|
| 246 |
1 |
3 |
|a Ranae
|
| 260 |
|
|
|a Leiden :
|b Sijthoff,
|c 1968.
|
| 300 |
|
|
|a xx, 227 σ. ;
|c 24 εκ.
|
| 500 |
|
|
|a Ανατύπωση της έκδοσης του 1896.
|
| 504 |
|
|
|6 Περιλαμβάνει ευρετήριο.
|
| 600 |
1 |
4 |
|a Αριστοφάνης
|d π. 450-π. 385
|t Βάτραχοι
|9 177668
|
| 700 |
1 |
4 |
|a Leeuwen, J. Van
|q (Jan)
|d 1850-1924
|9 31859
|e επιμελητής
|
| 942 |
|
|
|2 ddc
|c BK15
|
| 998 |
|
|
|c ΜΑΝΙΑ
|d 2019-09
|